书目信息 |
| 题名: |
金属大气腐蚀与暂时性保护
|
|
| 作者: | 王一建 , 黄本元 , 王余高 编著 | |
| 分册: | ||
| 出版信息: | 北京 化学工业出版社 2007 |
|
| 页数: | 304页 | |
| 开本: | 21cm | |
| 丛书名: | ||
| 单 册: | ||
| 中图分类: | TG172.3 | |
| 科图分类: | ||
| 主题词: | 大气腐蚀--研究 | |
| 电子资源: | ||
| ISBN: | 978-7-5025-9326-1 | |
| 000 | 00989nam0 2200277 450 | |
| 001 | 012004107374 | |
| 005 | 20080303092702.87 | |
| 009 | 012004107374 | |
| 010 | @a978-7-5025-9326-1@dCNY25.00 | |
| 035 | @a(110019)012006141886 | |
| 100 | @a20070126d2007 em y0chiy0110 ea | |
| 101 | 0 | @achi |
| 102 | @aCN@b110000 | |
| 105 | @ay z 000yy | |
| 106 | @ar | |
| 200 | 1 | @a金属大气腐蚀与暂时性保护@Ajin shu da qi fu shi yu zan shi xing bao hu@f王一建,黄本元,王余高编著 |
| 210 | @a北京@c化学工业出版社@d2007 | |
| 215 | @a304页@d21cm | |
| 330 | @a本书首先介绍了大气条件下金属腐蚀的概念、产生机理、特点、防止方法和暂时性保护的必要性;其次介绍了相关的大气腐蚀试验;最后重点介绍了金属暂时性保护的方法和暂时性保护材料的应用及其有关的国内外标准、规范。 | |
| 606 | 0 | @a大气腐蚀@x研究 |
| 690 | @aTG172.3@v4 | |
| 701 | 0 | @a王一建@Awang yi jian@4编著 |
| 701 | 0 | @a黄本元@Ahuang ben yuan@4编著 |
| 701 | 0 | @a王余高@Awang yu gao@4编著 |
| 801 | 0 | @aCN@bZL@c20080303 |
| 905 | @dTG172.3@e45@f4 | |
| 金属大气腐蚀与暂时性保护/王一建,黄本元,王余高编著.-北京:化学工业出版社,2007 |
| 304页;21cm |
| ISBN 978-7-5025-9326-1:CNY25.00 |
| 本书首先介绍了大气条件下金属腐蚀的概念、产生机理、特点、防止方法和暂时性保护的必要性;其次介绍了相关的大气腐蚀试验;最后重点介绍了金属暂时性保护的方法和暂时性保护材料的应用及其有关的国内外标准、规范。 |
| ● |
| 相关链接 |
|
|
|
|
正题名:金属大气腐蚀与暂时性保护
索取号:TG172.3/45
 
预约/预借
| 序号 | 登录号 | 条形码 | 馆藏地/架位号 | 状态 | 备注 |
| 1 | 0614539 | 206145394 | 第二样本阅览室/ [索取号:TG172.3/45] | 在馆 | |
| 2 | 0614540 | 206145401 | 第三借阅区/ [索取号:TG172.3/45] | 在馆 | |
| 3 | 0614541 | 206145410 | 第三借阅区/ [索取号:TG172.3/45] | 在馆 | |
| 4 | 0614542 | 206145429 | 第三借阅区/ [索取号:TG172.3/45] | 在馆 |